000 00456nam a2200181Ia 4500
001 25438
005 20260414151150.0
008 260414t2013||||xx |||||||||||||| ||spa||
041 _aESP
082 _a346.5
_bT11 2013
100 _aTaboada Córdova, Lizardo
_eAUT
245 0 _aActo jurídico, negación jurídico y contrato
_b
260 _c2013
300 _a540 páginas :
_c22 cm.
650 _aDER
654 _aCDE
942 _cLIB
_dJUS
_fJUS
_2ddc
_n
999 _c25438
_d25438